Athletics WAR Leaders by Year - Statistics

General Stats
  • This quiz has been taken 15 times
  • The average score is 32 of 55
Answer Stats
Year WAR Position Answer % Correct
1991 5.4 CF Dave Henderson
92%
1988 7.3 RF Jose Canseco
92%
1997 3.1 1B Mark McGwire
92%
1996 6.4 1B Mark McGwire
92%
1995 5.5 1B Mark McGwire
92%
1992 6.5 1B Mark McGwire
92%
1994 3.5 LF Rickey Henderson
92%
1993 4.5 LF Rickey Henderson
92%
1990 9.9 LF Rickey Henderson
92%
1984 6.0 LF Rickey Henderson
92%
1983 6.9 LF Rickey Henderson
92%
1982 6.7 LF Rickey Henderson
92%
1981 6.7 LF Rickey Henderson
92%
1980 8.8 LF Rickey Henderson
92%
2006 4.4 SP Barry Zito
85%
2002 7.1 SP Barry Zito
85%
2001 9.2 1B Jason Giambi
85%
2000 7.8 1B Jason Giambi
85%
1999 5.9 1B Jason Giambi
85%
2003 7.5 SP Tim Hudson
77%
2024 5.6 DH Brent Rooker
69%
2014 6.9 3B Josh Donaldson
69%
2013 7.2 3B Josh Donaldson
69%
2019 8.5 SS Marcus Semien
69%
2016 3.5 SS Marcus Semien
69%
2018 7.6 3B Matt Chapman
69%
2021 5.8 1B Matt Olson
69%
1975 6.7 RF Reggie Jackson
69%
1973 7.8 RF Reggie Jackson
69%
2005 4.8 3B Eric Chavez
62%
2004 5.5 3B Eric Chavez
62%
1976 7.6 SP Vida Blue
62%
1971 8.5 SP Vida Blue
62%
1974 6.9 SP Catfish Hunter
54%
2022 3.6 C Sean Murphy
54%
2015 5.4 SP Sonny Gray
46%
1985 4.7 RF Mike Davis
38%
2023 2.6 2B Zack Gelof
38%
2012 4.6 RF Josh Reddick
31%
2009 3.7 CP Andrew Bailey
23%
2011 4.4 SP Gio Gonzalez
23%
1972 6.1 LF Joe Rudi
23%
2008 4.0 2B Mark Ellis
23%
2007 4.8 2B Mark Ellis
23%
1970 6.2 3B Sal Bando
23%
1986 4.4 2B Tony Phillips
23%
1987 5.2 3B Carney Lansford
15%
2010 5.5 1B Daric Barton
15%
2017 3.6 2B Jed Lowrie
15%
1989 5.4 SP Mike Moore
15%
1977 6.1 LF Mitchell Page
15%
2020 2.1 SP Chris Bassitt
8%
1998 7.5 SP Kenny Rogers
8%
1978 3.0 SP Matt Keough
8%
1979 4.0 SP Rick Langford
8%
No matching quizzes found
Score Distribution
Percent of People with Each Score
Percentile by Number Answered
Your Score History
You have not taken this quiz